Jacques-Henri Bernardin de Saint-Pierre, Voyage de Normandie 1775, texte établi, présenté et annoté par Gérard Pouchain, Presses Universitaires de Rouen et du Havre, coll. “Lumières normandes”, 2015, 233 p., ill. et carte (notice n° 1635198)

détails MARC
000 -LEADER
fixed length control field 01863cam a2200169 4500500
005 - DATE AND TIME OF LATEST TRANSACTION
control field 20260111141942.0
041 ## - LANGUAGE CODE
Language code of text/sound track or separate title fre
042 ## - AUTHENTICATION CODE
Authentication code dc
100 10 - MAIN ENTRY--PERSONAL NAME
Personal name Moureau, François
Relator term author
245 00 - TITLE STATEMENT
Title Jacques-Henri Bernardin de Saint-Pierre, Voyage de Normandie 1775, texte établi, présenté et annoté par Gérard Pouchain, Presses Universitaires de Rouen et du Havre, coll. “Lumières normandes”, 2015, 233 p., ill. et carte
260 ## - PUBLICATION, DISTRIBUTION, ETC.
Date of publication, distribution, etc. 2016.<br/>
500 ## - GENERAL NOTE
General note 82
520 ## - SUMMARY, ETC.
Summary, etc. L’édition Besterman de la correspondance de Voltaire et son supplément de 1976 présentaient déjà une dizaine de lettres échangées par Voltaire et Charles Emmanuel de Crussol, duc d’Uzès, entre 1751 et 1760. La découverte d’un recueil manuscrit au Château d’Uzès, contenant leur correspondance sans doute complète, permet d’ajouter à ce corpus deux lettres de d’Uzès à Voltaire, ainsi qu’une « lettre à un évêque » écrite par d’Uzès en réaction à l’attentat de Damiens, transmise à Voltaire et que ce dernier fit circuler. Nous présentons ces trois lettres ici.
520 ## - SUMMARY, ETC.
Summary, etc. The Besterman edition of the correspondence of Voltaire and its 1976 supplement presented ten letters, exchanged between 1751 and 1760 by Voltaire and Charles Emmanuel de Crussol, duke of Uzès. The discovery of a manuscript collection at the Château d’Uzès, which potentially holds all their letters, allows us to add two letters from Uzès to Voltaire as well as a ‘letter to a bishop’ written by Uzès in response to the assassination attempt of Louis XV by Damiens, passed on to Voltaire who in turn circulated it. This essay presents these three letters.
786 0# - DATA SOURCE ENTRY
Note Dix-huitième siècle | 48 | 1 | 2016-09-06 | p. V-V | 0070-6760
856 41 - ELECTRONIC LOCATION AND ACCESS
Uniform Resource Identifier <a href="https://shs.cairn.info/revue-dix-huitieme-siecle-2016-1-page-V?lang=fr&redirect-ssocas=7080">https://shs.cairn.info/revue-dix-huitieme-siecle-2016-1-page-V?lang=fr&redirect-ssocas=7080</a>

Pas d'exemplaire disponible.

PLUDOC

PLUDOC est la plateforme unique et centralisée de gestion des bibliothèques physiques et numériques de Guinée administré par le CEDUST. Elle est la plus grande base de données de ressources documentaires pour les Étudiants, Enseignants chercheurs et Chercheurs de Guinée.

Adresse

627 919 101/664 919 101

25 boulevard du commerce
Kaloum, Conakry, Guinée

Réseaux sociaux

Powered by Netsen Group @ 2025